000 01004nac a22003131i 4500
003 EG-ScBUE
005 20241222113836.0
008 150816t1995 enkab f 001 0 eng d
020 _a0077079981
020 _a9780077079987
040 _aEG-ScBUE
_beng
_erda
_cEG-ScBUE
_dEG-ScBUE
082 0 4 _a526.9024624
_bIRV
_222
100 1 _aIrvine, William Hyslop,
_eauthor.
245 1 0 _aSurveying for construction /
_cWilliam Irvine, FRICS, lecturer in land surveying, Glasgow College of Building and Printing.
250 _aFourth edition.
264 1 _aLondon :
_bMcGraw-Hill Book Companies,
_c[1995]
264 4 _cc1995
300 _ax, 414 pages :
_billustrations, maps ;
_c30 cm
336 _2rdacontent
_atext
_btxt
337 _aunmediated
_2rdamedia
_bn
338 _avolume
_bnc
_2rdacarrier
500 _aIncludes index.
650 7 _aSurveying.
_2BUEsh
650 7 _aBuilding sites.
_2BUEsh
651 _2BUEsh
653 _cAugust2015
655 _vReading book
942 _cBB
_2ddc
999 _c6505
_d6505